Drought management strategies in southern Africa / (Record no. 130075)
[ view plain ]
| 000 -LEADER | |
|---|---|
| fixed length control field | 01368cam a2200277 a 4500 |
| 001 - CONTROL NUMBER | |
| control field | 3012603 |
| 003 - CONTROL NUMBER IDENTIFIER | |
| control field | ARRUPE |
| 005 - DATE AND TIME OF LATEST TRANSACTION | |
| control field | 20191126104121.0 |
| 008 - FIXED-LENGTH DATA ELEMENTS--GENERAL INFORMATION | |
| fixed length control field | 931101s1993 sx ab b 000 0 eng |
| 010 ## - LIBRARY OF CONGRESS CONTROL NUMBER | |
| LC control number | 93982787 |
| 040 ## - CATALOGING SOURCE | |
| Original cataloging agency | DLC |
| Transcribing agency | DLC |
| 043 ## - GEOGRAPHIC AREA CODE | |
| Geographic area code | fs----- |
| 050 00 - LIBRARY OF CONGRESS CALL NUMBER | |
| Classification number | HV626.A356 |
| Item number | T46 1993 |
| 300 ## - PHYSICAL DESCRIPTION | |
| Other physical details | ill., maps ; |
| Dimensions | 30 cm. |
| 100 1# - MAIN ENTRY--PERSONAL NAME | |
| Personal name | Thompson, Carol B. |
| 9 (RLIN) | 31927 |
| 245 10 - TITLE STATEMENT | |
| Title | Drought management strategies in southern Africa / |
| Remainder of title | from relief through rehabilitation to vulnerability reduction / |
| Statement of responsibility, etc | by Carol B. Thompson in association with Food Security Unit, Southern African Development Community (SADC) |
| 260 ## - PUBLICATION, DISTRIBUTION, ETC. (IMPRINT) | |
| Place of publication, distribution, etc | Windhoek, Namibia : |
| Name of publisher, distributor, etc | UNICEF, Policy Monitoring Unit ; |
| Place of publication, distribution, etc | Nairobi, Kenya : |
| Name of publisher, distributor, etc | UNICEF, Eastern and Southern Africa Regional Office, |
| Date of publication, distribution, etc | [1993] |
| 300 ## - PHYSICAL DESCRIPTION | |
| Extent | xi, 176 p. : |
| 500 ## - GENERAL NOTE | |
| General note | "February 1993." |
| 504 ## - BIBLIOGRAPHY, ETC. NOTE | |
| Bibliography, etc | Includes bibliographical references and index. |
| 650 #0 - SUBJECT ADDED ENTRY--TOPICAL TERM | |
| Topical term or geographic name as entry element | Drought relief |
| Geographic subdivision | Africa, Southern |
| General subdivision | Management. |
| 9 (RLIN) | 48798 |
| 650 #0 - SUBJECT ADDED ENTRY--TOPICAL TERM | |
| Topical term or geographic name as entry element | Food relief |
| Geographic subdivision | Africa, Southern |
| General subdivision | Management. |
| 9 (RLIN) | 48799 |
| 710 2# - ADDED ENTRY--CORPORATE NAME | |
| Corporate name or jurisdiction name as entry element | Southern African Development Community. |
| Subordinate unit | Food Security, Technical and Administrative Unit. |
| 9 (RLIN) | 48800 |
| 906 ## - LOCAL DATA ELEMENT F, LDF (RLIN) | |
| a | 7 |
| b | cbc |
| c | orignew |
| d | 3 |
| e | ncip |
| f | 19 |
| g | y-gencatlg |
| 942 ## - ADDED ENTRY ELEMENTS (KOHA) | |
| Source of classification or shelving scheme | Library of Congress Classification |
| Koha item type | Monograph ( Printed materials) |
| Withdrawn status | Lost status | Source of classification or shelving scheme | Damaged status | Not for loan | Collection code | Home library | Current library | Shelving location | Date acquired | Total Checkouts | Full call number | Barcode | Date last seen | Price effective from | Koha item type |
|---|---|---|---|---|---|---|---|---|---|---|---|---|---|---|---|
| Library of Congress Classification | Main Collection | ARRUPE LIBRARY | ARRUPE LIBRARY | Main Collection | 26/11/2019 | HV626.A356 T46 1993 | 46600005967 | 26/11/2019 | 26/11/2019 | Monograph ( Printed materials) |